Digital Fundamental (Record no. 1162)

MARC details
000 -LEADER
fixed length control field 00403nam a22001697a 4500
005 - DATE AND TIME OF LATEST TRANSACTION
control field 20260318135623.0
008 - FIXED-LENGTH DATA ELEMENTS--GENERAL INFORMATION
fixed length control field 160520b xxu||||| |||| 00| 0 eng d
020 ## - INTERNATIONAL STANDARD BOOK NUMBER
ISBN 978-81-317-3448-3
041 ## - LANGUAGE CODE
Language code of text/sound track or separate title eng
082 ## - DEWEY DECIMAL CLASSIFICATION NUMBER
Item number 3382
100 ## - MAIN ENTRY--AUTHOR NAME
Personal name Floyed T.L.
245 ## - TITLE STATEMENT
Title Digital Fundamental
260 ## - PUBLICATION, DISTRIBUTION, ETC. (IMPRINT)
Place of publication Delhi
Name of publisher Pearson Education,
300 ## - PHYSICAL DESCRIPTION
Number of Pages 659
650 ## - SUBJECT ADDED ENTRY--TOPICAL TERM
Topical Term DIPLOMA ENGINEERING
942 ## - ADDED ENTRY ELEMENTS (KOHA)
Koha item type Books
Holdings
Lost status Damaged status Home library Current library Shelving location Date acquired Cost, normal purchase price Full call number Accession Number Koha item type Collection code
    JRU Library   SHELF-37-N 20/05/2016 475.00 3382 3382 Books  
    JRU Library   SHELF -72 - I 20/05/2016 475.00 3382 3383 Books Reference
    JRU Library   SHELF-37-N 20/05/2016 475.00 3382 3384 Books